|
|
|
|
| LEADER |
01657nam a2200385 a 4500 |
| 001 |
EBC3384095 |
| 003 |
MiAaPQ |
| 005 |
20200520144314.0 |
| 006 |
m o d | |
| 007 |
cr cn||||||||| |
| 008 |
130614s2010 enka sb 000 0aeng d |
| 020 |
|
|
|z 9781906924270 (pbk.)
|
| 020 |
|
|
|z 9781906924287
|
| 020 |
|
|
|a 9781906924294 (electronic bk.)
|
| 035 |
|
|
|a (MiAaPQ)EBC3384095
|
| 035 |
|
|
|a (Au-PeEL)EBL3384095
|
| 035 |
|
|
|a (CaPaEBR)ebr10715010
|
| 035 |
|
|
|a (OCoLC)923317905
|
| 040 |
|
|
|a MiAaPQ
|c MiAaPQ
|d MiAaPQ
|
| 041 |
1 |
|
|a eng
|h ger
|
| 050 |
|
4 |
|a D413.Z8
|b A4 2010
|
| 100 |
1 |
|
|a Zur Muhler, Hermynia,
|d 1883-1951.
|
| 240 |
0 |
0 |
|a Ende und anfang.
|l English
|
| 245 |
1 |
4 |
|a The end and the beginning
|h [electronic resource] :
|b the book of my life /
|c by Hermynia Zur Muhlen ; with notes and a tribute by Lionel Gossman.
|
| 260 |
|
|
|a Cambridge :
|b Open Book Publishers,
|c 2010.
|
| 300 |
|
|
|a 295 p. :
|b ill.
|
| 500 |
|
|
|a "Originally translated from the German by Frank Barnes as The runaway countess (New York: Jonathan Cape & Harrison Smith, 1930). Translation extensively corrected and revised for this new edition by Lionel Gossman."
|
| 504 |
|
|
|a Includes bibliographical references.
|
| 533 |
|
|
|a Electronic reproduction. Ann Arbor, MI : ProQuest, 2015. Available via World Wide Web. Access may be limited to ProQuest affiliated libraries.
|
| 546 |
|
|
|a English translation of German original.
|
| 600 |
1 |
0 |
|a Zur Muhler, Hermynia,
|d 1883-1951.
|
| 655 |
|
4 |
|a Electronic books.
|
| 700 |
1 |
|
|a Gossman, Lionel.
|
| 710 |
2 |
|
|a ProQuest (Firm)
|
| 856 |
4 |
0 |
|u https://ebookcentral.proquest.com/lib/matrademy/detail.action?docID=3384095
|z Click to View
|